Movies Quiz

Random Movies or Oscar Quiz
Score 0/10 Timer 05:00
4 Plays Today
Quote Movie % Correct
'Historically inaccurate epic in Scottish nationalism, sentimental romance, machismo heroics and over-the-top brutality, a vanity project if ever there was one'Braveheart
96.3%
'Lacking confidence in the characters, the director forces a half-assed Bollywood aesthetic on them, making the colors pop and changing camera angles every 2 minutes'Slumdog Millionaire
75.9%
'There were a few exciting moments in this poorly acted and overlong melodramatic spectacle, such as the 40 minute climatic chariot race in the Roman Circus'Ben Hur
62.2%
'Cost: well over $200m. Disregarding the ethics of such expenditure on a film, this unprecedented extravagance has not resulted in sophisticated or even satisfying storytelling'Titanic
60.3%
'It's such a laborious conveyance of eye-filling outdoor spectacle - displays of endless desert - we know little more about this man when it is over than we did when it begins'Lawrence of Arabia
54.9%
'And so it raises the question: If racism is so pervasive in our society, why do we need such an elaborately contrived plot to drive home the message?'Crash
48.6%
'It's a second movie made largely out of the bits and pieces of the novel that didn't fit into the first. It's a Frankenstein's monster stitched together from leftover parts.'The Godfather part II
46.3%
'An urban crime thriller which won undeserved acclaim for its efficient but unremarkable elevated-railway chase and its clumsy, showy emphasis on grainy, sordid realism.'The French Connection
32.5%
'Manipulative, demeans religious trust and Catholicity, is anti-hope, anti-family, pro euthanasia propaganda, brutalizes femininity, and is terminally depressing.'Million Dollar Baby
21.9%
'The result resembles one of Neil Simon's middlebrow romps more than it does As You Like It.'Shakespeare In Love
19.1%
Remove Ads.
Support Sporcle.
Get the best of Sporcle when you Go Orange. This ad-free experience offers more features, more stats, and more fun while also helping to support Sporcle. Thank you for becoming a member.

You're not logged in!

Compare scores with friends on all Sporcle quizzes.
OR
Log In

Show Comments

Extras

Top Quizzes Today


Score Distribution

Your Account Isn't Verified!

In order to create a playlist on Sporcle, you need to verify the email address you used during registration. Go to your Sporcle Settings to finish the process.

Report this User

Report this user for behavior that violates our Community Guidelines.

Details: